000 00782nam a2200217Ia 4500
008 130821s2004 ck gr spa
020 _a9587092120
040 _aCo-BoUCM
_bspa
041 0 0 _aspa
245 0 0 _aGazaperas gramaticales
_cAlberto Ramírez Santos
260 _aBogotá (Colombia)
_bCírculo de Lectores
_c2004
300 _a2volúmenes
490 _aBiblioteca Argos
505 _gV.1
_tUsos y construcciones correctas de la lengua española. --
_gV.2
_tVicios e incorrecciones de la lengua española - Índices. <
650 0 4 _aEspañol
_xGramática comparada y general
_97588
650 0 4 _aEspañol
_xSemántica
_97588
650 0 4 _aGramática
_916516
650 0 4 _aLingüística
942 _cLIBRO
_a12
_e1
_mG289
_2DEWEY
_h415
999 _c54570
_d54570